000 01322naa a22003017a 4500
001 BR9500096
003 BR-BrBNA
005 20250721155526.0
007 ta
008 250630b bl.|||m| |||| 00| 0 por d
040 _aBR-BrBNA
_bpor
_cBiblioteca Nacional de Agricultura
041 _a(Pt)
072 _aK10; F08
090 _aK10 BR9500096
100 1 _aMarques, L.C.T.
111 1 _aMesa Redonda Sobre Recuperacao de Solos Atraves do Uso de Leguminosas
_cManaus, AM (Brazil)
_d26-28 Jul 1991
245 1 _aComportamento de tres especies florestais durante o estabelecimento de um sistema agrossilvipastoril no municipio de Paragominas, Para
500 _aMesa redonda sobre recuperacao de solos atraves do uso de leguminosas. Trabalho e recomendacoes Belem, PA (Brasil): 1992. p. 33-42 [21 ref.] (BR9500096-AMS)
773 0 _tMesa redonda sobre recuperacao de solos atraves do uso de leguminosas. Trabalho e recomendacoes
_wK10 BR9500096
_gBelem, PA (Brasil), 1992. p. 33-42
650 _aArvore Florestal
650 _aMilho
650 _aSistema Agroflorestal
650 _aConsorciacao de Cultura
650 _aPara
490 _aDocumentos - Centro de Pesquisa Agroflorestal da Amazonia Oriental (Brazil)
_vno. 67
_xISSN 0101-2835
942 _cAMS
_2AGRIS
909 _a202506
_bLúcia
_c55
_dLúcia Elande
999 _c337009
_d337009